000 00767nac a22002051u 4500
010 _a 93029418
020 _a007709443 (pbk.) :
082 0 0 _a004.6
_bS6342
090 _c4237
_d4237
100 _aSloane, Andy,
245 1 0 _aComputer communications :
_bprinciples and business applications /
_cAndy Sloane.
250 _a2ed edition
260 _aLondon ;
_aNew York :
_bMcGraw-Hill,
_cc1999.
300 _axv,327 p. :
_bill. ;
_c23cm.
504 _aIncludes bibliographical references and index.
650 0 _aComputer networks.
650 0 _aCommunications software.
942 _cBB
_k004.6S6342
999 _c4237
_d4237